| 000 | 01523nam0a2200337 4500 | ||
|---|---|---|---|
| 001 | RU\NLR\BIBL_A\012250284 | ||
| 005 | 20250128194045.0 | ||
| 010 |
_a978-5-295-07304-5 _9570 |
||
| 021 |
_aRU _bКН-П-20-000234 _9КН-П-20-0015 |
||
| 035 | _a(NLR Aleph) 012250284 | ||
| 090 |
_a13300215 _c13300215 |
||
| 100 | _a20200319d2019 k y0rusy50 ca | ||
| 101 | 0 | _atat | |
| 102 | _aRU | ||
| 105 | _ay z 000 y | ||
| 181 | 0 |
_ai _baxxe |
|
| 182 | 0 | _an | |
| 200 | 1 |
_aТатар теле _e9 [с-ф] _eметод. кулланма _fИ. С. Насипов, Н. Х. Ваһапов, И. Г. Ахунова |
|
| 203 |
_aТекст _bвизуальный _cнепосредственный |
||
| 210 |
_aУфа _cКитап _d2019 |
||
| 215 |
_a109,[1] б. _d20 |
||
| 541 | 1 |
_6z01790 _aМетодическое пособие к учебному пособию "Татарский язык" _eдля 9 кл. общеобразоват. орг. Респ. Башкортостан: пособие для учителей. _zrus |
|
| 686 | 1 | _aЧ426.153татар | |
| 700 | 1 |
_aНасипов _bИ. С. _gИлшат Сәхиятулла улы _4070 |
|
| 701 | 1 |
_aВаһапов _bН. Х. _gНигъмәтулла Хәмидулла улы _4070 |
|
| 701 | 1 |
_aАхунова _bИ. Г. _gИлмера Галиәкрам кызы _4070 |
|
| 790 | 1 |
_6z01541 _aНасипов _bИ. С. _gИльшат Сахиятуллович _4070 |
|
| 852 |
_aNLR _bОНЛ _jТатар./2-13005 |
||
| 942 | _cBOOK | ||
| 980 | _aNB | ||